[Event "22nd Honor to National Resistance"]
[Site "Nikaia"]
[Date "2014.08.26"]
[Round "1.1"]
[White "Kapagiannidis, Konstantinos"]
[Black "Kotronias, Vasilios"]
[Result "0-1"]
[WhiteElo "1831"]
[BlackElo "2552"]
[PlyCount "54"]
[EventDate "2014.08.26"]

1. d4 Nf6 2. c4 g6 3. Nc3 Bg7 4. e4 d6 5. h3 O-O 6. Nf3 e5 7. d5 a5 8. Bd3 Na6
9. O-O Nc5 10. Bc2 Ne8 11. Be3 f5 12. exf5 gxf5 13. Bxc5 dxc5 14. Qd2 Nd6 15.
b3 e4 16. Nh2 Qf6 17. Na4 b6 18. Rae1 Bd7 19. Qe2 Rae8 20. Rb1 f4 21. Ng4 Qh4
22. f3 Bd4+ 23. Kh1 Nf5 24. Kh2 Ng3 25. Qd1 Bxg4 26. fxg4 f3 27. Re1 f2 0-1

[Event "22nd Honor to National Resistance"]
[Site "Nikaia"]
[Date "2014.08.26"]
[Round "1.2"]
[White "Kapnisis, Spyridon"]
[Black "Nikolaidou, Eleni"]
[Result "1-0"]
[WhiteElo "2458"]
[BlackElo "1825"]
[PlyCount "53"]
[EventDate "2014.08.26"]

1. e4 c6 2. d4 d5 3. f3 e6 4. Nc3 Nf6 5. Bg5 Be7 6. e5 Nfd7 7. Bxe7 Qxe7 8. f4
a6 9. Nf3 c5 10. Qd2 Nc6 11. dxc5 Qxc5 12. Bd3 b5 13. O-O-O Nb6 14. Kb1 Bd7 15.
Rhe1 g6 16. g4 b4 17. Ne2 a5 18. f5 O-O-O 19. Ng5 Nxe5 20. Qf4 Qc7 21. Ba6+ Kb8
22. fxe6 Bxe6 23. Nxe6 fxe6 24. Nd4 Nbd7 25. Nxe6 Qd6 26. Nxd8 Rxd8 27. Bb5 1-0

[Event "22nd Honor to National Resistance"]
[Site "Nikaia"]
[Date "2014.08.26"]
[Round "1.3"]
[White "Panagiotakos, Petros"]
[Black "Goumas, Georgios"]
[Result "0-1"]
[WhiteElo "1822"]
[BlackElo "2371"]
[PlyCount "54"]
[EventDate "2014.08.26"]

1. c4 e5 2. Nc3 d6 3. Nf3 f5 4. d4 e4 5. Ng5 Be7 6. Nh3 Nf6 7. e3 O-O 8. Be2 c6
9. O-O Kh8 10. Qb3 Na6 11. Rd1 d5 12. cxd5 cxd5 13. Bd2 Nc7 14. a3 f4 15. Nxf4
g5 16. Nh5 Nxh5 17. Bxh5 g4 18. Ne2 Bd6 19. Bb4 Bxh2+ 20. Kxh2 Qh4+ 21. Kg1
Qxf2+ 22. Kh1 Rf5 23. Nf4 Ne6 24. Be1 Qf1+ 25. Kh2 Nxf4 26. exf4 Rxh5+ 27. Kg3
Rh3+ 0-1

[Event "22nd Honor to National Resistance"]
[Site "Nikaia"]
[Date "2014.08.26"]
[Round "1.4"]
[White "Kourkoulos-Arditis, Stamatis"]
[Black "Nikolaou, Spiridon"]
[Result "1/2-1/2"]
[WhiteElo "2296"]
[BlackElo "1821"]
[PlyCount "67"]
[EventDate "2014.08.26"]

1. Nf3 Nf6 2. g3 g6 3. Bg2 Bg7 4. c4 O-O 5. O-O c6 6. d3 d5 7. Na3 Nbd7 8. Rb1
Nb6 9. b3 Bg4 10. Bb2 Bxf3 11. Bxf3 Re8 12. e4 dxe4 13. dxe4 Qxd1 14. Rfxd1
Red8 15. b4 Na4 16. Ba1 Nd7 17. Bxg7 Kxg7 18. Rdc1 Ne5 19. Bd1 Rd3 20. Bxa4
Rxa3 21. Bb3 a5 22. bxa5 Nd3 23. Rd1 Nc5 24. f3 R8xa5 25. Rd2 Ra6 26. Kg2 Rb6
27. Rdb2 Nd3 28. Rd2 Nc5 29. h4 Rb4 30. Rdb2 Nd3 31. Rc2 Nc5 32. Rcb2 Nd3 33.
Re2 Nc5 34. Reb2 1/2-1/2

[Event "22nd Honor to National Resistance"]
[Site "Nikaia"]
[Date "2014.08.26"]
[Round "1.5"]
[White "Christidis, Savvas"]
[Black "Papasimakopoulos, Alexandros"]
[Result "0-1"]
[WhiteElo "1819"]
[BlackElo "2270"]
[PlyCount "79"]
[EventDate "2014.08.26"]

1. d4 f5 2. c4 Nf6 3. g3 g6 4. Bg2 Bg7 5. Nf3 O-O 6. Nc3 d6 7. O-O c6 8. d5 Bd7
9. Qb3 Na6 10. Be3 Qc7 11. c5 Kh8 12. cxd6 exd6 13. dxc6 bxc6 14. Qa3 Nc5 15.
Bxc5 dxc5 16. Qxc5 Rab8 17. Rab1 Ne4 18. Nxe4 fxe4 19. Ng5 Rb5 20. Qe3 Qb6 21.
Qxb6 axb6 22. Nxe4 Bxb2 23. Nd6 Rb4 24. Nc4 Rxc4 25. Rxb2 b5 26. Rd1 Bf5 27. f3
Ra8 28. e4 Be6 29. f4 Rca4 30. e5 Rxa2 31. Rxa2 Rxa2 32. Bxc6 b4 33. Bd5 Bxd5
34. Rxd5 b3 35. e6 b2 36. Rd1 Ra1 37. e7 Rxd1+ 38. Kf2 Rf1+ 39. Ke2 Re1+ 40.
Kf2 0-1

[Event "22nd Honor to National Resistance"]
[Site "Nikaia"]
[Date "2014.08.26"]
[Round "1.6"]
[White "Sirigos, Nikolaos"]
[Black "Alexakis, Georgios"]
[Result "1-0"]
[WhiteElo "2256"]
[BlackElo "1802"]
[PlyCount "97"]
[EventDate "2014.08.26"]

1. d4 f5 2. g3 g6 3. Bg2 Nf6 4. Nf3 Bg7 5. O-O O-O 6. b3 d6 7. Bb2 Qe8 8. d5 a5
9. c4 Na6 10. Nbd2 Bd7 11. Nd4 Nc5 12. Qc2 c6 13. dxc6 bxc6 14. e3 e5 15. Ne2
Qe7 16. a3 Ne6 17. Rae1 Nh5 18. f4 e4 19. Bxg7 Nhxg7 20. b4 axb4 21. axb4 Ra3
22. Nc3 Rfa8 23. Rb1 Qf6 24. Rb3 Qd8 25. Rxa3 Rxa3 26. Qb2 Ra8 27. Rb1 Qb6 28.
Nf1 Nc7 29. Kf2 Nge6 30. Qd2 Ne8 31. h4 Qb7 32. Bh3 h5 33. Qd1 N6g7 34. b5 cxb5
35. cxb5 Ra5 36. Nd2 Kh7 37. Nc4 Ra8 38. Qd5 Qxd5 39. Nxd5 Be6 40. Ncb6 Rb8 41.
Bf1 Kg8 42. Ra1 Bxd5 43. Nxd5 Rb7 44. b6 Ne6 45. Bb5 N8g7 46. Ra8+ Kf7 47. Ra7
Nc5 48. Bc6 Rxa7 49. bxa7 1-0

[Event "22nd Honor to National Resistance"]
[Site "Nikaia"]
[Date "2014.08.26"]
[Round "1.7"]
[White "Malliaros, Stavros"]
[Black "Tsolakidou, Stavroula"]
[Result "0-1"]
[WhiteElo "1802"]
[BlackElo "2240"]
[PlyCount "92"]
[EventDate "2014.08.26"]

1. Nc3 c5 2. Ne4 e6 3. f4 d5 4. Nf2 Bd6 5. g3 Nc6 6. Nf3 Nf6 7. Bg2 O-O 8. O-O
e5 9. fxe5 Nxe5 10. Nxe5 Bxe5 11. Nd3 Bd6 12. Nf4 d4 13. c3 Re8 14. cxd4 cxd4
15. Qa4 Bxf4 16. Rxf4 Rxe2 17. Qxd4 Re1+ 18. Kf2 Qe7 19. g4 Nxg4+ 20. Rxg4 Qe2+
21. Kg3 Qxg4+ 22. Qxg4 Bxg4 23. Kxg4 Rg1 24. Kg3 Rc8 25. a4 Rcxc1 26. Ra3 Rc2
27. Rd3 g6 28. Kf2 Rxg2+ 29. Kxg2 Rxb2 30. Rd8+ Kg7 31. Kg3 Rb4 32. Rd7 Rxa4
33. Rxb7 a5 34. Ra7 Ra3+ 35. Kf2 a4 36. d4 Ra2+ 37. Kg3 a3 38. d5 Kf6 39. d6
Ra1 40. d7 Ke7 41. Kg2 a2 42. Kh3 f5 43. Kg2 f4 44. Kh3 f3 45. Kg3 Rg1+ 46. Kf2
a1=Q 0-1

[Event "22nd Honor to National Resistance"]
[Site "Nikaia"]
[Date "2014.08.26"]
[Round "1.8"]
[White "Alexakis, Dimitrios"]
[Black "Bouboulis, Spyridon-Odysseys"]
[Result "1-0"]
[WhiteElo "2221"]
[BlackElo "1801"]
[PlyCount "67"]
[EventDate "2014.08.26"]

1. e4 c5 2. Nf3 e6 3. d4 cxd4 4. Nxd4 a6 5. Nc3 Qc7 6. Be2 b5 7. f4 Bb7 8. Bf3
d6 9. O-O Nd7 10. Kh1 b4 11. Na4 Nc5 12. c3 Nxe4 13. cxb4 Ngf6 14. Be3 Rc8 15.
Rc1 Qd8 16. Rxc8 Qxc8 17. Nb6 Qd8 18. Qa4+ Nd7 19. Bxe4 Bxe4 20. Rc1 Bb7 21.
Nxd7 Qxd7 22. Qa5 e5 23. Rc7 Bxg2+ 24. Kxg2 Qg4+ 25. Kf1 exd4 26. Qxa6 Qh3+ 27.
Ke1 Qxe3+ 28. Kd1 Qf3+ 29. Kc2 Qe4+ 30. Kb3 Qe6+ 31. Ka3 Kd8 32. Qb6 Qh3+ 33.
Rc3+ Kd7 34. Rxh3 1-0

[Event "22nd Honor to National Resistance"]
[Site "Nikaia"]
[Date "2014.08.26"]
[Round "1.9"]
[White "Roumeliotis, Angelos"]
[Black "Karagiannis, Athanasios"]
[Result "0-1"]
[WhiteElo "1790"]
[BlackElo "2214"]
[PlyCount "98"]
[EventDate "2014.08.26"]

1. d4 Nf6 2. Nf3 e6 3. g3 b5 4. Bg2 Bb7 5. O-O c5 6. c3 Qb6 7. b3 Nc6 8. Bb2
Be7 9. Nbd2 cxd4 10. cxd4 O-O 11. e4 Rfc8 12. a3 Na5 13. Ne5 d6 14. Nd3 Rc7 15.
Rc1 Rac8 16. Rxc7 Qxc7 17. Qc1 Qb6 18. Qb1 Nc6 19. Qa1 Na5 20. Rc1 Qd8 21. Rxc8
Qxc8 22. Qc1 Qxc1+ 23. Bxc1 Bd8 24. Nb4 Bb6 25. Bb2 h5 26. Kf1 Kf8 27. Ke2 Nd7
28. Kd3 Ke7 29. f4 g6 30. Nc2 f5 31. Ne3 fxe4+ 32. Bxe4 Bxe4+ 33. Kxe4 d5+ 34.
Kd3 Nf6 35. Bc3 Nc6 36. Nf3 Ne4 37. Ne5 Nxe5+ 38. fxe5 Kf7 39. Be1 Ng5 40. Nf1
Nf3 41. Bc3 g5 42. b4 Kg6 43. Bb2 g4 44. Bc3 Bd8 45. Ke2 Bg5 46. Kd3 Bc1 47.
Kc2 Bh6 48. Kd3 Kf5 49. Bd2 Bxd2 0-1

[Event "22nd Honor to National Resistance"]
[Site "Nikaia"]
[Date "2014.08.26"]
[Round "1.10"]
[White "Koutoukidis, Panagiotis"]
[Black "Katopodis, Dimitrios"]
[Result "1/2-1/2"]
[WhiteElo "2190"]
[BlackElo "1780"]
[PlyCount "109"]
[EventDate "2014.08.26"]

1. e4 e5 2. Nf3 Nc6 3. Bb5 Nf6 4. O-O Nxe4 5. Re1 Nd6 6. Nxe5 Be7 7. Bf1 O-O 8.
d4 Nf5 9. Nf3 d5 10. c4 Bf6 11. cxd5 Ncxd4 12. Nc3 Nxf3+ 13. Qxf3 Nd4 14. Qd1
Bf5 15. Bd3 Qd7 16. Be3 Bxd3 17. Qxd3 Nf5 18. Ne4 Be7 19. Red1 Rfe8 20. Bf4 Bd6
21. Nxd6 Nxd6 22. b3 Re7 23. Rac1 Rae8 24. h3 Re2 25. a4 R2e4 26. Bg3 f5 27. f3
Re3 28. Qc2 R8e7 29. Bh4 Rf7 30. Bf2 Re8 31. Rd3 a6 32. Rc3 Rc8 33. Qd2 Ne8 34.
Bg3 Nf6 35. Rxc7 Rxc7 36. Rxc7 Qxd5 37. Rc8+ Rf8 38. Qxd5+ Nxd5 39. Rc4 Kf7 40.
b4 Ke6 41. b5 axb5 42. axb5 Ra8 43. Rc1 Ra5 44. Re1+ Kf6 45. b6 Rb5 46. Be5+
Kf7 47. Rc1 Rxb6 48. Rc5 Nf6 49. Rc7+ Kg6 50. g4 fxg4 51. hxg4 h5 52. g5 Kxg5
53. Rxg7+ Kf5 54. f4 Ng4 55. Bb8 1/2-1/2

[Event "22nd Honor to National Resistance"]
[Site "Nikaia"]
[Date "2014.08.26"]
[Round "1.11"]
[White "Hairopoulos, Stefanos"]
[Black "Markantonaki, Haritomeni"]
[Result "0-1"]
[WhiteElo "1779"]
[BlackElo "2180"]
[PlyCount "61"]
[EventDate "2014.08.26"]

1. d4 Nf6 2. Nf3 e6 3. Bg5 c5 4. c3 Qb6 5. Qb3 Qxb3 6. axb3 Nc6 7. e3 Be7 8.
Nbd2 d5 9. Bd3 h6 10. Bh4 O-O 11. O-O g5 12. Bg3 Nh5 13. Bc7 cxd4 14. exd4 Bd7
15. Ne5 Nxe5 16. Bxe5 f6 17. Bg3 Kg7 18. Rfe1 Nxg3 19. hxg3 h5 20. Nf1 Bd6 21.
Ne3 f5 22. Nf1 f4 23. gxf4 Bxf4 24. Be2 Kh6 25. Ng3 g4 26. Bd3 Bd6 27. Re2 a6
28. Rae1 Rf6 29. Nf1 h4 30. g3 hxg3 31. Nxg3 0-1

[Event "22nd Honor to National Resistance"]
[Site "Nikaia"]
[Date "2014.08.26"]
[Round "1.12"]
[White "Liodakis, Konstantinos-Spyros"]
[Black "Kafetzi, Angeliki"]
[Result "1-0"]
[WhiteElo "2170"]
[BlackElo "1772"]
[PlyCount "69"]
[EventDate "2014.08.26"]

1. c4 e5 2. e3 Nc6 3. d4 exd4 4. exd4 Bb4+ 5. Nc3 Nf6 6. Nf3 d5 7. Bg5 dxc4 8.
Bxc4 Bg4 9. d5 Bxc3+ 10. bxc3 Qe7+ 11. Be2 O-O-O 12. Bxf6 Qxf6 13. O-O h5 14.
Rb1 Ne7 15. Qb3 b6 16. c4 Rh6 17. Qa4 Kb8 18. Rb3 Bd7 19. Qa3 Rg6 20. Re1 Nf5
21. Bf1 Nd4 22. Nxd4 Qxd4 23. Rbe3 Qc5 24. Qxc5 bxc5 25. Re7 Rf6 26. f3 Bf5 27.
R1e3 Bg6 28. Ra3 Rb6 29. Ra5 Rb1 30. Kf2 Rb2+ 31. Ke3 Rc8 32. h4 Rb1 33. Be2
Rg1 34. Rb5+ Ka8 35. Rxc5 1-0

[Event "22nd Honor to National Resistance"]
[Site "Nikaia"]
[Date "2014.08.26"]
[Round "1.13"]
[White "Trimitzios, Petros"]
[Black "Kouvatsos, Filippos"]
[Result "1/2-1/2"]
[WhiteElo "1755"]
[BlackElo "2157"]
[PlyCount "89"]
[EventDate "2014.08.26"]

1. Nf3 c6 2. d4 d5 3. g3 Nf6 4. Bg2 Bf5 5. O-O e6 6. c4 Nbd7 7. b3 Be7 8. Bb2
O-O 9. Nbd2 h6 10. Rc1 a5 11. Ne5 a4 12. Re1 axb3 13. axb3 Bb4 14. Bc3 Bxc3 15.
Rxc3 Ra2 16. Nxd7 Nxd7 17. e4 Qa5 18. Rc2 Rxc2 19. Qxc2 dxe4 20. Bxe4 Bxe4 21.
Rxe4 Qa1+ 22. Kg2 Nf6 23. Rf4 Rd8 24. Nf3 Ra8 25. g4 Ra2 26. Qd3 Qc1 27. Kg3
Qb2 28. Ne5 Ra3 29. Rf3 c5 30. h4 Qxd4 31. Qxd4 cxd4 32. Kf4 Ne8 33. g5 hxg5+
34. hxg5 Nd6 35. c5 Nf5 36. Nc4 Ra2 37. Ke4 Kf8 38. b4 Ra4 39. Rb3 Ra6 40. Ra3
Ke7 41. Rxa6 bxa6 42. Ne5 f6 43. Nc6+ Kd7 44. gxf6 gxf6 45. Nxd4 1/2-1/2

[Event "22nd Honor to National Resistance"]
[Site "Nikaia"]
[Date "2014.08.26"]
[Round "1.14"]
[White "Michelakos, Panagiotis"]
[Black "Salahidi, Reveka"]
[Result "1-0"]
[WhiteElo "2146"]
[BlackElo "1754"]
[PlyCount "65"]
[EventDate "2014.08.26"]

1. d4 Nf6 2. c4 c5 3. d5 e6 4. Nc3 exd5 5. cxd5 d6 6. e4 g6 7. f4 Bg7 8. Bb5+
Nfd7 9. a4 O-O 10. Nf3 Na6 11. O-O Nc7 12. Bxd7 Bxd7 13. f5 b5 14. Bg5 f6 15.
Bf4 Qe7 16. Qd3 g5 17. Bg3 bxa4 18. Nd2 Rfb8 19. Nc4 Ne8 20. Nxa4 Bb5 21. b3
Bf8 22. Ra3 Bxc4 23. bxc4 Rb4 24. Nc3 Nc7 25. h4 Bh6 26. e5 Ne8 27. Ne4 gxh4
28. exd6 Qf7 29. Bxh4 Bg7 30. Bg3 Bf8 31. Bf4 Rd8 32. Rfa1 Qh5 33. Rxa7 1-0

[Event "22nd Honor to National Resistance"]
[Site "Nikaia"]
[Date "2014.08.26"]
[Round "1.15"]
[White "Karathanasis, Vlasis"]
[Black "Panagiotakos, Nikolaos"]
[Result "0-1"]
[WhiteElo "1730"]
[BlackElo "2146"]
[PlyCount "76"]
[EventDate "2014.08.26"]

1. e4 c5 2. Nc3 Nc6 3. Bb5 Nd4 4. Bc4 e6 5. f4 Ne7 6. e5 d5 7. Be2 Nef5 8. Nf3
Nxf3+ 9. Bxf3 Bd7 10. d3 Qb6 11. Bg4 Bc6 12. Bxf5 exf5 13. O-O d4 14. Ne2 h5
15. Kh1 h4 16. h3 Rh6 17. Ng1 Be7 18. Nf3 Qd8 19. b3 Qd5 20. Bd2 O-O-O 21. Qe2
Re6 22. Qf2 Rh8 23. a4 Rg6 24. Qe2 Rhh6 25. Be1 Bd8 26. Bf2 Kb8 27. Bg1 Rg3 28.
Bh2 Rgg6 29. Qd2 Bc7 30. Rae1 Ba5 31. Qxa5 Rxg2 32. e6 Rhg6 33. Re4 b6 34. exf7
Qxf7 35. Qe1 fxe4 36. Ne5 e3 37. Nf3 Rxh2+ 38. Kxh2 Qxf4+ 0-1

[Event "22nd Honor to National Resistance"]
[Site "Nikaia"]
[Date "2014.08.26"]
[Round "1.16"]
[White "Kalogridakis, Georgios"]
[Black "Koutsidis, Achilleas"]
[Result "0-1"]
[WhiteElo "2114"]
[BlackElo "1729"]
[PlyCount "114"]
[EventDate "2014.08.26"]

1. e4 c5 2. Nf3 d6 3. d4 cxd4 4. Nxd4 Nf6 5. Nc3 g6 6. Be3 Bg7 7. f3 Nc6 8. Qd2
O-O 9. O-O-O d5 10. Kb1 Rb8 11. Nb3 dxe4 12. Qxd8 Rxd8 13. Rxd8+ Nxd8 14. Bxa7
Ra8 15. Bb6 Bf5 16. Be2 Nc6 17. Rd1 Nd7 18. Be3 exf3 19. Bxf3 Nde5 20. Bxc6
Nxc6 21. Nd4 Nxd4 22. Bxd4 e5 23. Bf2 Rc8 24. a4 Bf8 25. Re1 f6 26. Re2 Bc5 27.
Bxc5 Rxc5 28. Rd2 Kf7 29. Nb5 Ke7 30. b3 Be6 31. Kb2 f5 32. c4 e4 33. Kc3 e3
34. Re2 f4 35. Kd4 Rc8 36. Ke4 g5 37. h4 h6 38. Re1 Rd8 39. Nd4 Kf6 40. hxg5+
hxg5 41. g3 Bg4 42. gxf4 Re8+ 43. Kd3 gxf4 44. b4 Ke5 45. Kc3 Rd8 46. Nb3 e2
47. Nc1 f3 48. Nd3+ Ke4 49. Nf2+ Kf4 50. c5 Bf5 51. b5 Ke3 52. Nh1 f2 53. Rxe2+
Kxe2 54. Nxf2 Kxf2 55. Kb4 Be4 56. a5 Ra8 57. c6 Bxc6 0-1

[Event "22nd Honor to National Resistance"]
[Site "Nikaia"]
[Date "2014.08.26"]
[Round "1.17"]
[White "Papadopoulos, Asterios"]
[Black "Tsiros, Fragkiskos Vlasios"]
[Result "0-1"]
[WhiteElo "1723"]
[BlackElo "2108"]
[PlyCount "100"]
[EventDate "2014.08.26"]

1. e4 g6 2. d4 Bg7 3. Nc3 d6 4. Bc4 Nf6 5. Bb3 O-O 6. f3 Nbd7 7. Be3 c5 8. Nge2
b6 9. Qd2 Ba6 10. a4 cxd4 11. Nxd4 Nc5 12. Ba2 Rc8 13. Bh6 Qd7 14. Bxg7 Kxg7
15. Kf2 h6 16. h4 e5 17. h5 exd4 18. hxg6 Rh8 19. Qxd4 fxg6 20. Nd5 Rcf8 21.
Rhd1 Ne6 22. Nxf6 Rxf6 23. Qxd6 Qxd6 24. Rxd6 Nc5 25. Rd4 Re8 26. Kg3 Bc8 27.
Bc4 Be6 28. Bb5 Re7 29. b4 Nd7 30. a5 g5 31. Rd6 bxa5 32. Rxa5 Nb6 33. Rd4 Rc7
34. e5 Rff7 35. Rd6 Rfe7 36. Bd3 Nc4 37. Bxc4 Rxc4 38. Raa6 Kf7 39. Rd8 Rxb4
40. Ra8 Rbb7 41. Rc6 Rec7 42. Rxc7+ Rxc7 43. c3 Kg6 44. Rf8 Bf7 45. Rd8 Kf5 46.
Rd6 Be6 47. Rd8 Rc8 48. Rd6 Rxc3 49. Ra6 Rc7 50. Ra5 Bc4 0-1

[Event "22nd Honor to National Resistance"]
[Site "Nikaia"]
[Date "2014.08.26"]
[Round "1.18"]
[White "Skaperdas, Kostantinos"]
[Black "Liris, Orestis"]
[Result "1-0"]
[WhiteElo "2102"]
[BlackElo "1702"]
[PlyCount "55"]
[EventDate "2014.08.26"]

1. e4 c5 2. Nf3 a6 3. g3 b5 4. Bg2 Bb7 5. a4 b4 6. Qe2 Nc6 7. d3 e6 8. Nbd2 Be7
9. O-O d5 10. Re1 h5 11. exd5 Qxd5 12. Qf1 Na5 13. h4 Nf6 14. b3 Ng4 15. Ne4 f6
16. Bb2 O-O 17. Rad1 e5 18. Nh2 Qd7 19. Nxg4 hxg4 20. Nd2 Nc6 21. Nc4 Bd8 22.
Qe2 Bc7 23. Qe3 Qe7 24. d4 cxd4 25. Bxd4 Nxd4 26. Bxb7 Rad8 27. Rxd4 Rxd4 28.
Qxd4 1-0

[Event "22nd Honor to National Resistance"]
[Site "Nikaia"]
[Date "2014.08.26"]
[Round "1.19"]
[White "Adamis, Petros"]
[Black "Delithanasis, Dimitrios"]
[Result "1/2-1/2"]
[WhiteElo "1695"]
[BlackElo "2095"]
[PlyCount "53"]
[EventDate "2014.08.26"]

1. d4 Nf6 2. c4 g6 3. Nf3 Bg7 4. e3 O-O 5. Be2 b6 6. O-O Bb7 7. Nc3 d5 8. cxd5
Nxd5 9. Qc2 Nd7 10. e4 Nxc3 11. bxc3 c5 12. d5 Qc7 13. Rb1 Ne5 14. Nxe5 Qxe5
15. Bb2 f5 16. f3 fxe4 17. fxe4 Rxf1+ 18. Bxf1 Rf8 19. c4 Qf4 20. Re1 Be5 21.
g3 Qf6 22. Bxe5 Qxe5 23. Qd2 Ba6 24. Re3 Qa1 25. Re1 Qe5 26. Re3 Qa1 27. Re1
1/2-1/2

[Event "22nd Honor to National Resistance"]
[Site "Nikaia"]
[Date "2014.08.26"]
[Round "1.20"]
[White "Theotokatos, Dionisis"]
[Black "Aggelopoulos, Fotios"]
[Result "1-0"]
[WhiteElo "2086"]
[BlackElo "1682"]
[PlyCount "55"]
[EventDate "2014.08.26"]

1. e4 c6 2. d4 d5 3. exd5 cxd5 4. Bd3 Nc6 5. Ne2 Bg4 6. O-O e6 7. f3 Bh5 8. c3
Bd6 9. Bf4 Nge7 10. Qd2 Bg6 11. Bxd6 Qxd6 12. Na3 Bxd3 13. Qxd3 a6 14. Nc2 Nf5
15. Ne3 Nxe3 16. Qxe3 O-O 17. f4 Ne7 18. g4 b5 19. Ng3 b4 20. Rae1 Rab8 21. f5
Rb6 22. f6 Ng6 23. fxg7 Rc8 24. Nh5 bxc3 25. Qh6 f5 26. gxf5 Rb7 27. Nf6+ Kf7
28. fxg6+ 1-0

[Event "22nd Honor to National Resistance"]
[Site "Nikaia"]
[Date "2014.08.26"]
[Round "1.21"]
[White "Alexakis, Dimitris"]
[Black "Pappelis, Dimitrios"]
[Result "1-0"]
[WhiteElo "1679"]
[BlackElo "2073"]
[PlyCount "57"]
[EventDate "2014.08.26"]

1. e4 c5 2. Nf3 Nc6 3. d4 cxd4 4. Nxd4 Nf6 5. Nc3 e5 6. Ndb5 d6 7. Bg5 a6 8.
Na3 Be6 9. Nc4 Rc8 10. Nd5 Bxd5 11. exd5 Ne7 12. Bxf6 gxf6 13. Qf3 f5 14. O-O-O
Bg7 15. h4 b5 16. Ne3 Qc7 17. Rd2 e4 18. Qe2 Qa5 19. Kb1 Qb4 20. Nd1 Ng6 21. c3
Qc5 22. g4 Nf4 23. Qe3 Nxd5 24. Qg5 Be5 25. Qxf5 b4 26. Rxd5 Qxd5 27. Qxc8+ Ke7
28. Qc7+ Kf6 29. Bc4 1-0

[Event "22nd Honor to National Resistance"]
[Site "Nikaia"]
[Date "2014.08.26"]
[Round "1.22"]
[White "Pandelidis, Ioannis"]
[Black "Ropokis, Dimitrios"]
[Result "1-0"]
[WhiteElo "2070"]
[BlackElo "1678"]
[PlyCount "45"]
[EventDate "2014.08.26"]

1. d4 Nf6 2. Nf3 e6 3. e3 b6 4. Bd3 Bb7 5. Nbd2 Be7 6. e4 d5 7. e5 Ne4 8. Qe2
Nxd2 9. Bxd2 c5 10. c3 Nd7 11. O-O O-O 12. Rfe1 Re8 13. Qe3 cxd4 14. cxd4 a6
15. Qf4 f5 16. exf6 Bxf6 17. Re2 Bxd4 18. Qxd4 e5 19. Nxe5 Qf6 20. Rae1 Nc5 21.
Bc3 Nxd3 22. Nxd3 Rxe2 23. Rxe2 1-0

[Event "22nd Honor to National Resistance"]
[Site "Nikaia"]
[Date "2014.08.26"]
[Round "1.23"]
[White "Nikolaidis, Paris"]
[Black "Siamidis, Dimitrios"]
[Result "0-1"]
[WhiteElo "1676"]
[BlackElo "2065"]
[PlyCount "86"]
[EventDate "2014.08.26"]

1. e4 b6 2. Nf3 Bb7 3. d3 e6 4. Be3 Nf6 5. h3 Be7 6. Be2 c5 7. c3 Nc6 8. Nbd2
O-O 9. Bf4 d6 10. Qc2 Rc8 11. O-O h6 12. Rfe1 e5 13. Bh2 Rc7 14. Nf1 Re8 15.
Ne3 Bf8 16. Qd2 Bc8 17. Nd5 Nxd5 18. exd5 Ne7 19. c4 Ng6 20. Bd1 Bd7 21. a4 a5
22. b3 f5 23. Qc2 Qf6 24. Rc1 Nh8 25. Nd2 g5 26. Bh5 Re7 27. Re3 Ng6 28. Rce1
Nf4 29. Bxf4 gxf4 30. R3e2 Qg5 31. Bf3 Be8 32. Kh2 Bg7 33. Rg1 Kh8 34. g4 fxg3+
35. fxg3 h5 36. Rgg2 Bf6 37. Kg1 Rg7 38. g4 e4 39. gxf5 Bd4+ 40. Ref2 Qxf5 41.
Kh1 Rxg2 42. Rxg2 exf3 43. Rh2 Rg7 0-1

[Event "22nd Honor to National Resistance"]
[Site "Nikaia"]
[Date "2014.08.26"]
[Round "1.24"]
[White "Ioannidis, Evgenios"]
[Black "Katsivardas, Eleftherios"]
[Result "1-0"]
[WhiteElo "2064"]
[BlackElo "1659"]
[PlyCount "83"]
[EventDate "2014.08.26"]

1. d4 d5 2. c4 e6 3. Nc3 Nf6 4. cxd5 exd5 5. Bg5 Be7 6. e3 Nbd7 7. Bd3 O-O 8.
Nge2 b6 9. O-O Bb7 10. Qc2 Ne4 11. Bf4 Ndf6 12. Bxc7 Qxc7 13. Nxe4 Qxc2 14.
Nxf6+ Bxf6 15. Bxc2 Ba6 16. Rfe1 Rac8 17. Bf5 Rc7 18. Nf4 Rd8 19. Rac1 Rxc1 20.
Rxc1 g6 21. Bg4 Bg5 22. Nh3 Bh6 23. Rc7 f5 24. Bf3 g5 25. Rxa7 Bd3 26. Ra8 Rxa8
27. Bxd5+ Kf8 28. Bxa8 g4 29. Nf4 Bxf4 30. exf4 Ke7 31. f3 Kf6 32. Kf2 Bb1 33.
a3 Ba2 34. Ke3 Ke6 35. fxg4 fxg4 36. Be4 h6 37. f5+ Kf6 38. Kf4 h5 39. d5 Bc4
40. d6 Bb5 41. b3 Bd7 42. a4 1-0

[Event "22nd Honor to National Resistance"]
[Site "Nikaia"]
[Date "2014.08.26"]
[Round "1.25"]
[White "Kiriazis, Dimitrios"]
[Black "Korlotsidis, Spiridon"]
[Result "0-1"]
[WhiteElo "1637"]
[BlackElo "2048"]
[PlyCount "32"]
[EventDate "2014.08.26"]

1. c4 Nf6 2. d4 g6 3. Nc3 Bg7 4. e4 O-O 5. Nf3 d6 6. Be2 e5 7. dxe5 dxe5 8. Bd2
Nc6 9. Qc1 Nd4 10. Bd1 Be6 11. b3 c6 12. Bh6 Bxh6 13. Qxh6 Qa5 14. Rc1 Nxe4 15.
O-O Nxf3+ 16. Bxf3 Nxc3 0-1

[Event "22nd Honor to National Resistance"]
[Site "Nikaia"]
[Date "2014.08.26"]
[Round "1.26"]
[White "Balokas, Dimitrios"]
[Black "Tsouptsis, Sotirios"]
[Result "1/2-1/2"]
[WhiteElo "2042"]
[BlackElo "1628"]
[PlyCount "55"]
[EventDate "2014.08.26"]

1. d4 Nf6 2. c4 g6 3. Nc3 Bg7 4. e4 d6 5. Be2 O-O 6. Bg5 h6 7. Bh4 Nbd7 8. Nf3
c5 9. d5 a6 10. O-O Re8 11. Qc2 Rb8 12. Rad1 Qc7 13. Rfe1 Nf8 14. h3 Bd7 15. a4
g5 16. Bg3 Ng6 17. e5 Nxe5 18. Nxe5 dxe5 19. Bf3 Nh7 20. Qe2 f6 21. Bh5 Red8
22. d6 exd6 23. Nd5 Qa5 24. Ne7+ Kh8 25. Ng6+ Kg8 26. Ne7+ Kh8 27. Ng6+ Kg8 28.
Ne7+ 1/2-1/2

[Event "22nd Honor to National Resistance"]
[Site "Nikaia"]
[Date "2014.08.26"]
[Round "1.28"]
[White "Sienczewski, Zbigniew"]
[Black "Poulopoulou, Ekaterini"]
[Result "1/2-1/2"]
[WhiteElo "2040"]
[BlackElo "1625"]
[PlyCount "53"]
[EventDate "2014.08.26"]

1. g3 Nf6 2. Bg2 e6 3. Nf3 Be7 4. c4 O-O 5. O-O d5 6. b3 Nbd7 7. Bb2 Ne4 8. d3
Bf6 9. Qc2 Bxb2 10. Qxb2 Nef6 11. Nbd2 Re8 12. Rac1 c5 13. e3 b6 14. Rfd1 Bb7
15. d4 Qe7 16. cxd5 Bxd5 17. Nc4 Rac8 18. Nfe5 Bxg2 19. Kxg2 Red8 20. Nxd7 Qxd7
21. dxc5 Qxd1 22. Rxd1 Rxd1 23. cxb6 axb6 24. Nxb6 Rcc1 25. Kf3 h6 26. a4 Rb1
27. Qc2 1/2-1/2

[Event "22nd Honor to National Resistance"]
[Site "Nikaia"]
[Date "2014.08.26"]
[Round "1.29"]
[White "Vrettos, Augoustinos"]
[Black "Kondopoulos, Dimitrios"]
[Result "0-1"]
[WhiteElo "1618"]
[BlackElo "2039"]
[PlyCount "112"]
[EventDate "2014.08.26"]

1. d4 Nf6 2. Nf3 g6 3. c4 Bg7 4. g3 d6 5. Bg2 O-O 6. O-O Nbd7 7. Nc3 e5 8. e4
h6 9. h3 Kh7 10. Be3 a6 11. Qc2 Re8 12. Rfd1 exd4 13. Nxd4 Ne5 14. b3 Bd7 15.
f4 Nc6 16. Nxc6 Bxc6 17. e5 Nd7 18. Bd4 dxe5 19. Bxe5 Bxe5 20. fxe5 Qe7 21.
Bxc6 bxc6 22. Rf1 Nxe5 23. Qf2 f5 24. Rad1 Qg5 25. Qf4 Re7 26. Kg2 Qxf4 27.
gxf4 Nf7 28. Rfe1 Rae8 29. Rxe7 Rxe7 30. Kf3 Kg7 31. c5 g5 32. Rd4 h5 33. Ra4
g4+ 34. hxg4 fxg4+ 35. Kf2 h4 36. Ne2 g3+ 37. Nxg3 hxg3+ 38. Kxg3 Kf6 39. Rxa6
Nd8 40. a4 Re3+ 41. Kg4 Rxb3 42. Ra8 Ne6 43. Ra6 Rb4 44. Ra8 Rxf4+ 45. Kg3 Rc4
46. a5 Rxc5 47. a6 Ra5 48. Kf3 Ke5 49. Ke3 Ra3+ 50. Kd2 c5 51. a7 c4 52. Kc1 c3
53. Kb1 c5 54. Kc1 Kd6 55. Kb1 Kd5 56. Kc1 Kc4 0-1